| 000 | 00405nam a2200169Ia 4500 | ||
|---|---|---|---|
| 008 | 231217s9999 xx 000 0 und d | ||
| 041 | _aEnglish | ||
| 082 | _a001.6424C DEI1;1 R | ||
| 100 | _aDeitel, H M. Deitel, P J. | ||
| 245 | 0 | _aC : How to program | |
| 250 | _a3rd ed. | ||
| 260 |
_c2001 _bPHI _aNew Delhi |
||
| 300 | _aLi+1253 | ||
| 300 | _cCD1343 | ||
| 650 | _aC++,:,program | ||
| 942 | _cAA | ||
| 999 |
_c172079 _d172079 |
||